Internship Textbook for General Nursing and Midwifery (Record no. 156907)
[ view plain ]
| 000 -LEADER | |
|---|---|
| fixed length control field | 00399nam a2200145Ia 4500 |
| 008 - FIXED-LENGTH DATA ELEMENTS--GENERAL INFORMATION | |
| fixed length control field | 230411s9999 xx 000 0 und d |
| 020 ## - INTERNATIONAL STANDARD BOOK NUMBER | |
| International Standard Book Number | 978-81-8448-943-9 |
| 041 ## - LANGUAGE CODE | |
| Language code of text/sound track or separate title | eng |
| 082 ## - DEWEY DECIMAL CLASSIFICATION NUMBER | |
| Classification number | AD/610.6/CLE/B06505 |
| 100 ## - MAIN ENTRY--PERSONAL NAME | |
| Personal name | Clement I |
| 9 (RLIN) | 119826 |
| 245 ## - TITLE STATEMENT | |
| Title | Internship Textbook for General Nursing and Midwifery |
| 260 ## - PUBLICATION, DISTRIBUTION, ETC. (IMPRINT) | |
| Name of publisher, distributor, etc. | B J Publisher |
| Place of publication, distribution, etc. | New Delhi |
| 300 ## - PHYSICAL DESCRIPTION | |
| Extent | 394p |
| Withdrawn status | Lost status | Damaged status | Not for loan | Collection code | Home library | Current library | Date acquired | Vendor | Cost, normal purchase price | Bill number | Total Checkouts | Total Renewals | Full call number | Barcode | Date last seen | Date last checked out | Cost, replacement price | Bill Date | Koha item type | Original Barcode |
|---|---|---|---|---|---|---|---|---|---|---|---|---|---|---|---|---|---|---|---|---|
| Smt. Bakul Tambat Institute of Nursing Education | Smt. Bakul Tambat Institute of Nursing Education | 21/12/2010 | B.J.Medical Co-oprative College Stores | 395.00 | 2892 | 9 | 4 | AD 610.6 CLE B06505 | BTIN-BK-6505 | 03/10/2025 | 15/09/2025 | 296.00 | 21/12/2010 | Books | B06505 | |||||
| Reference | Smt. Bakul Tambat Institute of Nursing Education | Smt. Bakul Tambat Institute of Nursing Education | 25/02/2012 | Jaypee Brothers Medical Publishers | 325.00 | 2892 | AD 610.6 CLE B07020 | BTIN-BK-7020 | 11/04/2023 | 237.00 | 21/12/2010 | Books | B07020 | |||||||
| Smt. Bakul Tambat Institute of Nursing Education | Smt. Bakul Tambat Institute of Nursing Education | 12/05/2014 | Jaypee Brothers Medical Publishers | 450.00 | 2892 | 15 | 7 | AD 610.6 CLE B07669 | BTIN-BK-7669 | 07/02/2026 | 31/01/2026 | 328.00 | 21/12/2010 | Books | B07669 | |||||
| Smt. Bakul Tambat Institute of Nursing Education | Smt. Bakul Tambat Institute of Nursing Education | 12/05/2014 | Jaypee Brothers Medical Publishers | 450.00 | 2892 | 9 | 6 | AD 610.6 CLE B07670 | BTIN-BK-7670 | 12/09/2025 | 24/07/2025 | 328.00 | 21/12/2010 | Books | B07670 |